Solid waste demonstation projects (Record no. 415202)

000 -LEADER
fixed length control field 00403cam a22001217a 4500
008 - FIXED-LENGTH DATA ELEMENTS--GENERAL INFORMATION
fixed length control field 180718b1972 xxu||||| |||| 00| 0 eng d
082 ## - DEWEY DECIMAL CLASSIFICATION NUMBER
Classification number X 83 Un3 4 p
245 ## - TITLE STATEMENT
Title Solid waste demonstation projects
Statement of responsibility, etc. by Environmental Protection Agency, U.S.A.
260 ## - PUBLICATION, DISTRIBUTION, ETC.
Place of publication, distribution, etc. Cincinnati
Name of publisher, distributor, etc. Environmental Protection Agency
Date of publication, distribution, etc. 1972
300 ## - PHYSICAL DESCRIPTION
Extent 256p.
650 ## - SUBJECT ADDED ENTRY--TOPICAL TERM
Topical term or geographic name entry element Solid waste
700 ## - ADDED ENTRY--PERSONAL NAME
Personal name U.S.A. Environmental Protection Agency
Holdings
Withdrawn status Lost status Damaged status Not for loan Permanent Location Current Location Date acquired Full call number Barcode Date last seen Price effective from Koha item type
        Indian Institute of Public Administration Indian Institute of Public Administration 2009-03-03 X 83 Un3 4 p D1334 2018-07-21 2018-07-21 D

Powered by Koha